000 00684nam a2200217Ia 4500
999 _c41542
_d41542
001 8209
003 GE_BSU
005 20221006105235.0
008 181216s2013||||en |||||||||||||| ||eng||
020 _a978184216.
041 _aeng
080 _a811.111'36(076) E-93
100 _aEvans, Virginia;
_93157
245 _aWork book:ENTERPRISE 2 : ELEMENTARY /
_cVirginia Evans ; Jenny Dooley.
260 _cLondon :
_aExpress Publishing,
_b2013.
300 _a84 p .:
_bill ;
_c27 cm.
653 _aWork book:ENTERPRISE 2. : ELEMENTARY
653 _aინგლისური ენის გრამატიკა
700 _aDooley, Jenny
_93165
942 _cBK
_2udc